ბათუმის შოთა რუსთაველის სახელმწიფო უნივერსიტეტის ბიბლიოთეკა

საქართველოს სარეველა მცენარეულობა და მასთან ბრძოლის საშუალებები : (ბიბ.ჩანაწერი № 56578)

000 -ლიდერი
ფიქსირებული სიგრძის საკონტროლო ველი 01405nam a2200241Ia 4500
001 - საკონტროლო ნომერი
საკონტროლო ველი 23692
003 - საკონტროლო ნომრის იდენტიფიკატორი
საკონტროლო ველი GE_BSU
005 - ბოლო ოპერაციის თარიღი და დრო
საკონტროლო ველი 20260313172000.0
008 - ფიქსირებული სიგრძის მონაცემთა ელემენტები - ზოგადი ინფორმაცია
ფიქსირებული სიგრძის საკონტროლო ველი 181216s1966||||ge |||||||||||||| ||geo||
040 ## - კატალოგიზაციის წყარო
Transcribing agency GE_BSU
041 ## - ენის კოდი
Language code of text/sound track or separate title geo
080 ## - უნივერსალური ათობითი კლასიფიკაციის ინდექსი
Universal Decimal Classification number 632.51(479.22)(075.8) ქ-43
100 ## - მთავარი ჩანაწერი - პიროვნების სახელი
Personal name ქეშელაშვილი, გრიგოლ
9 (RLIN) 27138
245 ## - ცნობა სათაურის შესახებ
Title საქართველოს სარეველა მცენარეულობა და მასთან ბრძოლის საშუალებები :
Remainder of title [დამხმ. სახელმძღვ. სას.-სამ. ინ-ტის სტუდენტებისათვის] /
Statement of responsibility, etc გრიგოლ ქეშელაშვილი ; რედ. ი. ჯაში.
264 ## - წარმოების, გამოცემის, დისტრიბუციის და სხვა ცნობები
გამოცემის, წარმოების, დისტრიბუციის... ადგილი თბილისი :
გამოცემის, წარმოების, დისტრიბუციის... სახელწოდება განათლება,
გამოცემის, წარმოების, დისტრიბუციის... თარიღი 1966.
300 ## - ფიზიკური აღწერა
Extent 20 1გვ. :
Other physical details ილ. და ცხრილ. ;
Dimensions 22 სმ.
504 ## - BIBLIOGRAPHY, ETC. NOTE
Bibliography, etc ბიბლიოგრაფია გვ. 198-200
653 ## - INDEX TERM--UNCONTROLLED
Uncontrolled term საქართველოს სარეველა მცენარეები
653 ## - INDEX TERM--UNCONTROLLED
Uncontrolled term საქართველოს სარეველა მცენარეულობა და მასთან ბრძოლის საშუალებები
700 ## - ADDED ENTRY--PERSONAL NAME
Personal name ჯაში, ი.
Relator term რედაქტორი
9 (RLIN) 26158
942 ## - ADDED ENTRY ELEMENTS (KOHA)
Koha item type წიგნი
Source of classification or shelving scheme
ეგზემპლარები
ჩამოწერის სტატუსი დაკარგული ეგზემპლარის სტატუსი კლასიფიკაციის წყარო ან თაროზე გაწყობის სქემა დაზიანების სტატუსი არ გაიცემა მუდმივი მდებარეობა (დაცვის ადგილი) ამჟამინდელი ადგილსამყოფელი თაროზე განთავსების ადგილი შეძენის თარიღი ღირებულება, შესყიდვის ნორმალური ფასი სრული შენახვის შიფრი შტრიხკოდი ბოლო ოპერაციის თარიღი ეგზემპლარის მიმდევრობითი ნომერი (კეტერი?) ფასის ძალაში შესვლის თარიღი ეგზემპლარის სახეობა საჯარო შენიშვნა
          აგრარული და მემბრანული ტექნოლოგიების ინსტიტუტის ბიბლიოთეკა აგრარული და მემბრანული ტექნოლოგიების ინსტიტუტის ბიბლიოთეკა წიგნსაცავი 2018-12-17 5.00 632.51(479.22)(075.8) ქ-43 28506 2018-12-17 28506 2018-12-17 წიგნი 5.00 ₾.